<?xml version="1.0" encoding="UTF-8"?>
<record
    xmlns:xsi="http://www.w3.org/2001/XMLSchema-instance"
    xsi:schemaLocation="http://www.loc.gov/MARC21/slim http://www.loc.gov/standards/marcxml/schema/MARC21slim.xsd"
    xmlns="http://www.loc.gov/MARC21/slim">

  <leader>00504nam a2200169   4500</leader>
  <controlfield tag="005">20251231143512.0</controlfield>
  <controlfield tag="008">251231b        |||||||| |||| 00| 0 eng d</controlfield>
  <datafield tag="020" ind1=" " ind2=" ">
    <subfield code="a">978-0-7679-1787-2</subfield>
  </datafield>
  <datafield tag="041" ind1=" " ind2=" ">
    <subfield code="a">English</subfield>
  </datafield>
  <datafield tag="082" ind1=" " ind2=" ">
    <subfield code="2">1st</subfield>
    <subfield code="a">X 378.1 NEW</subfield>
    <subfield code="b">B12107</subfield>
  </datafield>
  <datafield tag="100" ind1=" " ind2=" ">
    <subfield code="a">Newport, Cal</subfield>
  </datafield>
  <datafield tag="245" ind1=" " ind2=" ">
    <subfield code="a">How to Win at College</subfield>
    <subfield code="b">:Surprising secreats for success from the country's top students</subfield>
  </datafield>
  <datafield tag="260" ind1=" " ind2=" ">
    <subfield code="a">New York</subfield>
    <subfield code="b">Three Rivers Press</subfield>
    <subfield code="c">2005</subfield>
  </datafield>
  <datafield tag="300" ind1=" " ind2=" ">
    <subfield code="a">viii,193p</subfield>
    <subfield code="b">pb</subfield>
  </datafield>
  <datafield tag="365" ind1=" " ind2=" ">
    <subfield code="a">Rupaye</subfield>
    <subfield code="b">479</subfield>
    <subfield code="c">TNR</subfield>
  </datafield>
  <datafield tag="942" ind1=" " ind2=" ">
    <subfield code="c">BK</subfield>
  </datafield>
  <datafield tag="999" ind1=" " ind2=" ">
    <subfield code="c">369648</subfield>
    <subfield code="d">369648</subfield>
  </datafield>
  <datafield tag="952" ind1=" " ind2=" ">
    <subfield code="0">0</subfield>
    <subfield code="1">0</subfield>
    <subfield code="2">ddc</subfield>
    <subfield code="4">0</subfield>
    <subfield code="7">0</subfield>
    <subfield code="8">NFIC</subfield>
    <subfield code="a">BTIN</subfield>
    <subfield code="b">BTIN</subfield>
    <subfield code="d">2025-12-30</subfield>
    <subfield code="e">Amazon(online) 405-0859647-8346713</subfield>
    <subfield code="g">431.10</subfield>
    <subfield code="i">IN-12384</subfield>
    <subfield code="l">0</subfield>
    <subfield code="o">X 378.1 NEW B12107</subfield>
    <subfield code="p">BTIN-BK-12107</subfield>
    <subfield code="r">2025-12-31 14:24:49</subfield>
    <subfield code="t">47.90</subfield>
    <subfield code="v">479.00</subfield>
    <subfield code="w">2025-10-14</subfield>
    <subfield code="y">BK</subfield>
    <subfield code="z">BTIN-BK-12107</subfield>
  </datafield>
</record>
